000 00680nam a2200193Ia 4500
003 GCL
005 20240530102913.0
008 140319s9999 xx 000 0 ara d
040 _aGCL /
_cGCL
082 0 4 _a953.069
_bر ت
100 1 _aرشيد عبدالله الجميلى
245 1 0 _aتاريخ الدولة العربية الاسلامية :
_bالعصور العباسية المتأخرة /
_cرشيد عبدالله الجميلى
250 _aط1
260 _a[S.N] :
_bالجامعة المستنصرية ،
_c1989
300 _a338 ص ؛
_c24 سم
650 0 4 _aالتاريخ الاسلامى
650 0 4 _aالدولة العباسية
942 _2ddc
_cBK
999 _c35265
_d35265